Дело о выдаче архитектору Харьковского учебного округа надворному советнику Ткаченко суточных и квартирных денег по командировке...

Доступно только в Электронных читальных залах Найти на картеНа карте
RUSMARC
00003789nmc2a22002413x 450
0017411a276-3293-453e-8a78-56978c4248a9
00520211209111620.0
100##$a20210727l18831887k l0rusy0189 ca
1010#$arus
102##$aRU
105##$ay###
1222#$ad
2001#$aДело о выдаче архитектору Харьковского учебного округа надворному советнику Ткаченко суточных и квартирных денег по командировке его для освидетельствования здания Курского реального училища
$j28 декабря 1883 г. - 8 января 1887 г.
215##$a15 л.
$d36,5х26 см
251##$cДело
300##$aДело
371##$aДокумент не является опубликованным и широко распространяемым
461#0$1001a74412a3-3cc5-4d21-8f0a-dfe2fbd9e72d
$12001
$aДепартамент народного просвещения Министерства народного просвещения (1803-1917)
$1251
$cФонд
$1852
$j733
462#0$1001b33464f2-4bc4-41e3-b4bc-525e855f0eb0
$12001
$aДела разряда общих дел Министерства народного просвещения
$1251
$cОпись
$1852
$j194
801#0$aRU
$bРГИА
$c20210727
$gRCR
801#1$aRU
$bГлавНИВЦ
$c20210727
$2rusmarc
801#2$aRU
$bПБ им. Б.Н. Ельцина
$c20211209
$gRCR
$2rusmarc
850##$aРГИА
852##$aРГИА
$eФедеральное казенное учреждение "Российский государственный исторический архив" (РГИА)
$j380
937##$hРГИА
$d12366104
$aASBIBLIO_SCAN
035##$aRusGRCC00033028
856##$uhttp://readingroom.main.prlib.ru/item.aspx?id_node=n171327806&mode=full
Формат отображения